Statistics for AFC Asian Cup Host Countries

Click here to take the quiz!

General Stats

  • This quiz has been taken 150 times
    (139 since last reset)
  • The average score is 12 of 16

Answer Stats

Year / YearsHost country% Correct
2004, 2023China
94%
1960, 2023South Korea
92%
1992Japan
91%
1968, 1976Iran
85%
1988, 2011Qatar
85%
2007Indonesia
82%
1972Thailand
82%
2007Thailand
82%
1996, 2019United Arab Emirates
81%
2007Vietnam
75%
2007Malaysia
74%
2015Australia
69%
1964Israel
60%
1980Kuwait
53%
1984Singapore
38%
2000Lebanon
31%

Score Distribution

Percentile by Number Answered

Percent of People with Each Score

Your Score History

You have not taken this quiz since the last reset